000 00202 a2200097 4500
001 47340
100 _aTerraine J
245 _aDouglas Haig
260 _aLondon
_bHutchinson
_c
090 _c30377
_d30377
942 _aNUST-CAE
_cM
_c22644
999 _c282413
_d282413